000 00171nam a2200073Ia 4500
008 170817s9999 xx 000 0 und d
100 _aGupta.Reanu
245 0 _aTeaching Of Commerce
260 _bShipra Pub
999 _c39006
_d39006